San Felipe Neri al clero / (Record no. 166636)
[ view plain ]
| 000 -LEADER | |
|---|---|
| campo de control de longitud fija | 00948nam a2200253 i 4500 |
| 001 - NÚMERO DE CONTROL | |
| campo de control | 166636 |
| 003 - IDENTIFICADOR DE NÚMERO DE CONTROL | |
| campo de control | ES-MaACL |
| 005 - FECHA Y HORA DE LA ÚLTIMA TRANSACCIÓN | |
| campo de control | 20250905135911.0 |
| 008 - DATOS DE LONGITUD FIJA--INFORMACIÓN GENERAL | |
| campo de control de longitud fija | 050920s1784 sp |||| | spa d |
| 100 1# - ENTRADA PRINCIPAL--NOMBRE DE PERSONA | |
| Nombre de persona | Trigueros, Cándido María. |
| 9 (RLIN) | 111416 |
| 245 10 - MENCIÓN DEL TÍTULO | |
| Título | San Felipe Neri al clero / |
| Mención de responsabilidad, etc. | Cándido M. Trigueros. |
| 250 ## - MENCION DE EDICION | |
| Mención de edición | Segunda edición emendada por su autor. |
| 260 ## - PUBLICACIÓN, DISTRIBUCIÓN, ETC. | |
| Lugar de publicación, distribución, etc. | En Sevilla : |
| Nombre del editor, distribuidor, etc. | En la Ofic. de Vázquez y Comp., |
| Fecha de publicación, distribución, etc. | 1784. |
| 300 ## - DESCRIPCIÓN FÍSICA | |
| Extensión | [20] p. ; |
| Dimensiones | 4º. |
| 530 ## - NOTA DISPONIBLE DE FORMULARIO FÍSICO ADICIONAL | |
| Nota de formato físico adicional disponible | Disponible en formato digital. |
| 596 ## - NOTA AL PIE DE IMPRENTA | |
| NOTA AL PIE DE IMPRENTA | Marca tip. en port. |
| 597 ## - NOTA DE DESCRIPCIÓN FÍSICA | |
| NOTA DE DESCRIPCIÓN FÍSICA | Sign.: [ ]\p2\s, A\p8\s. |
| 600 04 - PUNTO DE ACCESO ADICIONAL DE MATERIA--NOMBRE DE PERSONA | |
| Nombre de persona | Felipe Neri, |
| Títulos y otros términos asociados al nombre | Santo |
| 9 (RLIN) | 170956 |
| 700 1# - ENTRADA AGREGADA--NOMBRE PERSONAL | |
| Nombre de persona | Vázquez, Manuel Nicolás, |
| Fechas asociadas al nombre | fl. 1758-1796 |
| 9 (RLIN) | 133579 |
| 752 ## - ENTRADA AGREGADA--NOMBRE JERÁRQUICO DEL LUGAR | |
| País o entidad superior | España - |
| Ciudad | Sevilla |
| 852 ## - LOCALIZACIÓN | |
| Ubicación | ES-MaACL |
| Número de control de estantería | R-837-38(2) |
| Nota libre | - Enc. hol. |
| Encuadernación | Olim: G-1578-9 |
| 856 ## - LOCALIZACIÓN Y ACCESO ELECTRÓNICOS | |
| Identificador Uniforme de Recursos | <a href="http://bdh-rd.bne.es/viewer.vm?id=0000140042&page=1 ">http://bdh-rd.bne.es/viewer.vm?id=0000140042&page=1 </a> |
| Nota pública | Biblioteca Digital Hispánica |
| Estatus retirado | Estado de pérdida | Estado de daño | No para préstamo | Colección | Biblioteca de origen | Biblioteca actual | Ubicación en estantería | Fecha de adquisición | Total de préstamos | Signatura topográfica completa | Código de barras | Visto por última vez | Precio de reemplazo | Tipo de ítem Koha |
|---|---|---|---|---|---|---|---|---|---|---|---|---|---|---|
| Colección digital | Biblioteca del Ateneo de Madrid | Biblioteca del Ateneo de Madrid | Depósito | 17/01/2008 | R-837-38(3) | 1174768 | 23/02/2023 | 23/02/2023 | Libro impreso antiguo |
